000 01065nam a2200229Ii 4500
003 JO-AjNU
008 230605s9999||||xx |||||||||||||| ||und||
017 _a2008/24100
020 _a977-422-122-2
040 _aJO-AjNU
_bara
_erda
_cJO-AjNU
041 _aara
050 1 4 _aHF5686.C8 .Q22 2009
100 3 _aتأليف: القباني، ثناء علي,
_eauthor
_928782
245 0 0 _aدراسات في نظم محاسبة التكاليف: نظام محاسبة تكاليف العقود والمقاولات، نظام محاسبة تكاليف الخدمات، نظام محاسبة تكاليف الدفعات والاوامر الانتاجية، نظام محاسبة التكاليف المعيارية
250 _aط1
264 3 1 _aالاسكندرية: الدار الجامعية، 2009
300 _a460ص
_bيحتوي على ببلوغرافية من ص453-460ص
336 _atext
_btxt
_2rdacontent
337 _aunmediated
_bn
_2rdamedia
338 _avolume
_bnc
_2rdacarrier
650 4 _aمحاسبة التكاليف دراسات
_928783
999 _aA11205
_c14773
_d14773